Województwa w latach 1975-1998 - nagła śmierć - Statystyki

Ogólne statystyki
  • Ten quiz został rozwiązany 66 razy
    14 od ostatniego zresetowania
  • Średni wynik to 13 z 27
Answers on the Grid
Answers color-coded by a green-red scale on the quiz's grid according to % correct below.
Pomorskie
Przemyskie
Rybnickie
Słupskie
Grudziądzkie
Częstochowskie
Elbląskie
Szczecińskie
Poznańskie
Suwalskie
Gdyńskie
Lubelskie
Warszawskie
Szczecineckie
Rzeszowskie
Opolskie
Dolnośląskie
Jeleniogórskie
Tarnobrzeskie
Karkonoskie
Sieradzkie
Krakowskie
Świdnickie
Śląskie
Ciechanowskie
Łódzkie
Mazurskie
Katowickie
Gorzowskie
Sosnowieckie
Świętokrzyskie
Leszczyńskie
Włocławskie
Podkarpackie
Ostrowskie
Siedleckie
Zielonogórskie
Gnieźnieńskie
Inowrocławskie
Nadmorskie
Bialskie
Lwowskie
Zamojskie
Tarnowskie
Wileńskie
Mazowieckie
Skierniewickie
Zagłębiowskie
Ełckie
Mieleckie
 
Statystyki odpowiedzi
Odpowiedź % Poprawnych
Przemyskie
100%
Słupskie
86%
Elbląskie
57%
Opolskie
57%
Częstochowskie
50%
Jeleniogórskie
50%
Katowickie
50%
Krakowskie
50%
Rzeszowskie
50%
Skierniewickie
50%
Szczecińskie
50%
Warszawskie
50%
Lubelskie
43%
Poznańskie
43%
Suwalskie
43%
Tarnowskie
43%
Zamojskie
43%
Ciechanowskie
36%
Gorzowskie
36%
Leszczyńskie
36%
Łódzkie
36%
Siedleckie
36%
Sieradzkie
36%
Tarnobrzeskie
36%
Zielonogórskie
36%
Bialskie
29%
Włocławskie
29%
Nie znaleziono quizów pasujących do podanych kryteriów
Rozkład punktacji
Procent ludzi z każdym wynikiem
Percentyl według liczby udzielonych odpowiedzi
Twoja historia wyników
Nie rozwiązałeś tego quizu od ostatniego zresetowania